[Event "International Championship of Central S"]
[Site "Paracin"]
[Date "2014.07.08"]
[Round "5.21"]
[White "Ratkovic, Milovan"]
[Black "Milenkovic, Mladen"]
[Result "1/2-1/2"]
[WhiteElo "2295"]
[BlackElo "2344"]
[PlyCount "31"]
[EventDate "2014.07.04"]

1. d4 Nf6 2. c4 e6 3. Nc3 Bb4 4. e3 c5 5. Nge2 cxd4 6. exd4 d5 7. a3 Bxc3+ 8.
Nxc3 dxc4 9. Bxc4 Nc6 10. Be3 O-O 11. O-O b6 12. Qd3 Bb7 13. Rad1 h6 14. Ba2
Ne7 15. Bf4 Ng6 16. Bg3 1/2-1/2

[Event "International Championship of Central S"]
[Site "Paracin"]
[Date "2014.07.08"]
[Round "5.22"]
[White "Ardeleanu, Alin"]
[Black "Dimic, Pavle"]
[Result "1/2-1/2"]
[WhiteElo "2338"]
[BlackElo "2261"]
[PlyCount "34"]
[EventDate "2014.07.04"]

1. e4 c5 2. Nf3 d6 3. d4 cxd4 4. Qxd4 a6 5. Be3 Nc6 6. Qb6 Qxb6 7. Bxb6 Nf6 8.
Nc3 g6 9. h3 Bh6 10. a3 Be6 11. Bd3 Nd7 12. Bd4 Nxd4 13. Nxd4 Rc8 14. Nxe6 fxe6
15. Ke2 O-O 16. h4 Bg7 17. Nd1 h5 1/2-1/2

[Event "International Championship of Central S"]
[Site "Paracin"]
[Date "2014.07.08"]
[Round "5.23"]
[White "Carnic, Srdjan"]
[Black "Dauletova, Gulmira"]
[Result "1/2-1/2"]
[WhiteElo "2324"]
[BlackElo "2252"]
[PlyCount "47"]
[EventDate "2014.07.04"]

1. e4 c5 2. Nf3 e6 3. c3 d5 4. exd5 exd5 5. d4 Nc6 6. Bb5 Bd6 7. O-O Nge7 8.
Nbd2 O-O 9. dxc5 Bxc5 10. Nb3 Bb6 11. Bd3 Bf5 12. Re1 a5 13. Be3 Bg6 14. Nbd4
Re8 15. Qd2 Bh5 16. h3 a4 17. Qc2 Bg6 18. Rad1 Nxd4 19. Bxd4 Bxd4 20. Nxd4 Nc6
21. Bxg6 hxg6 22. Nf3 Qa5 23. Qd3 Rad8 24. Nd4 1/2-1/2

[Event "International Championship of Central S"]
[Site "Paracin"]
[Date "2014.07.08"]
[Round "5.24"]
[White "Doric, Nenad"]
[Black "Jovanovic, Aleksandar D"]
[Result "1-0"]
[WhiteElo "2316"]
[BlackElo "2234"]
[PlyCount "91"]
[EventDate "2014.07.04"]

1. d4 f5 2. Nc3 Nf6 3. Bg5 g6 4. h4 Bg7 5. Qd2 h6 6. Bf4 d6 7. O-O-O Nc6 8. Nf3
e6 9. e3 O-O 10. Bd3 Qe7 11. e4 Ng4 12. exf5 gxf5 13. d5 Nb4 14. Bc4 e5 15. Qe2
Qf6 16. Bd2 Na6 17. Nh2 Nxh2 18. Rxh2 Bd7 19. f3 Nc5 20. Be3 Kh8 21. g4 Rfe8
22. Rg1 e4 23. g5 Qf8 24. gxh6 Bxh6 25. Kb1 Kh7 26. Bxh6 Qxh6 27. fxe4 Nxe4 28.
Nxe4 Rxe4 29. Qf1 Rae8 30. Bd3 R4e5 31. Re2 Rxe2 32. Bxe2 Qd2 33. Qg2 Qh6 34.
Bh5 Rf8 35. Bg6+ Kh8 36. Qf2 Qg7 37. Qf4 Be8 38. h5 b5 39. Rg5 Bd7 40. Rg3 a5
41. a3 b4 42. axb4 axb4 43. Rb3 Rb8 44. Rxb4 Rxb4 45. Qxb4 Qf8 46. Qc3+ 1-0

[Event "International Championship of Central S"]
[Site "Paracin"]
[Date "2014.07.08"]
[Round "5.25"]
[White "Yordanov, Nikolay"]
[Black "Pantelic, Sasa"]
[Result "0-1"]
[WhiteElo "2177"]
[BlackElo "2312"]
[PlyCount "50"]
[EventDate "2014.07.04"]

1. e4 c5 2. c3 d6 3. d4 Nf6 4. f3 Qa5 5. d5 g6 6. Na3 Bg7 7. Nc4 Qc7 8. a4 O-O
9. Be3 b6 10. Qd2 Ba6 11. Bh6 Bxh6 12. Qxh6 e6 13. dxe6 fxe6 14. O-O-O d5 15.
exd5 exd5 16. Ne3 Bxf1 17. Nxf1 Qc6 18. Qh4 d4 19. Ne2 Qxa4 20. Nd2 Nc6 21. Ne4
Nxe4 22. Qxe4 Rae8 23. Qd5+ Kh8 24. Rhe1 Na5 25. cxd4 Nc4 0-1

[Event "International Championship of Central S"]
[Site "Paracin"]
[Date "2014.07.08"]
[Round "5.26"]
[White "Radovic, Luka"]
[Black "Petrisor, Adrian-Marian"]
[Result "0-1"]
[WhiteElo "2140"]
[BlackElo "2441"]
[PlyCount "46"]
[EventDate "2014.07.04"]

1. Nf3 g6 2. g3 Bg7 3. Bg2 d5 4. c4 d4 5. d3 Nf6 6. O-O O-O 7. Na3 c5 8. Nc2
Nc6 9. Bd2 a5 10. b3 h6 11. a3 e5 12. b4 e4 13. Nfe1 Re8 14. bxc5 Qe7 15. Rb1
Qxc5 16. Qc1 Kh7 17. Rb5 Qe7 18. Qb2 Rd8 19. h3 Ne8 20. Rd5 f5 21. a4 Nd6 22.
Bf4 Nxc4 23. dxc4 d3 0-1

[Event "International Championship of Central S"]
[Site "Paracin"]
[Date "2014.07.08"]
[Round "5.27"]
[White "Todorovic, Nenad I"]
[Black "Cvetkovic, Srdjan"]
[Result "1-0"]
[WhiteElo "2173"]
[BlackElo "2325"]
[PlyCount "115"]
[EventDate "2014.07.04"]

1. e4 c5 2. Nf3 e6 3. d4 cxd4 4. Nxd4 Nc6 5. Nc3 a6 6. Be2 d6 7. O-O Nf6 8. Be3
Bd7 9. f4 Qc7 10. a4 Be7 11. Nb3 b6 12. Kh1 O-O 13. Bf3 Rab8 14. g4 Bc8 15. g5
Nd7 16. Bg2 Nb4 17. Nd4 Re8 18. Rf3 g6 19. f5 exf5 20. exf5 Bb7 21. fxg6 hxg6
22. Rh3 Bxg2+ 23. Kxg2 Qb7+ 24. Kg1 Bf8 25. Qg4 Bg7 26. Rf1 Nf8 27. Nf5 Nxc2
28. Nxd6 Qe7 29. Nce4 Nxe3 30. Rxe3 Bd4 31. Nf6+ Qxf6 32. gxf6 Bxe3+ 33. Kh1
Re6 34. Nf5 Nh7 35. Nxe3 Rxe3 36. Qf4 Rbe8 37. Qh6 Nxf6 38. Rxf6 Re1+ 39. Kg2
R8e2+ 40. Rf2 a5 41. Qf4 Rxf2+ 42. Kxf2 Re6 43. b4 axb4 44. Qxb4 Kg7 45. Kf3
Kg8 46. Kf4 Kg7 47. Qd4+ Kh7 48. Kg5 Rc6 49. Qd7 Rc5+ 50. Kf6 Rf5+ 51. Qxf5
gxf5 52. Kxf5 Kg7 53. Kg5 f6+ 54. Kf5 Kf7 55. h4 Kg7 56. h5 Kh6 57. Kxf6 Kxh5
58. Ke6 1-0

[Event "International Championship of Central S"]
[Site "Paracin"]
[Date "2014.07.08"]
[Round "5.28"]
[White "Tscharotschkin, Michael"]
[Black "Popovic, Aleksandar M"]
[Result "0-1"]
[WhiteElo "2179"]
[BlackElo "2323"]
[Annotator "Boban,Milojevic"]
[PlyCount "29"]
[EventDate "2014.07.04"]

1. d4 Nf6 2. c4 g6 3. Nc3 Bg7 4. e3 O-O 5. Nf3 d6 6. Be2 Nbd7 7. Qc2 e5 8. d5
Nc5 9. b4 Ncd7 10. a3 a5 11. Bb2 axb4 12. axb4 Rxa1+ 13. Bxa1 Nh5 14. Nd2 Nhf6
15. Bf3 {... necitko} 0-1

[Event "International Championship of Central S"]
[Site "Paracin"]
[Date "2014.07.08"]
[Round "5.29"]
[White "Djordjevic, Gradimir"]
[Black "Dezelin, Milan"]
[Result "1/2-1/2"]
[WhiteElo "2160"]
[BlackElo "2298"]
[PlyCount "40"]
[EventDate "2014.07.04"]

1. d4 Nf6 2. c4 e6 3. Nf3 Bb4+ 4. Bd2 Qe7 5. a3 Bxd2+ 6. Qxd2 d5 7. Nc3 O-O 8.
e3 b6 9. cxd5 exd5 10. h3 Bf5 11. Bd3 Bxd3 12. Qxd3 c6 13. O-O Nbd7 14. Rfc1
Rfc8 15. Rc2 Ne4 16. Rac1 Nd6 17. Nd2 Qe6 18. e4 Qg6 19. Qf3 dxe4 20. Ncxe4 Nf5
1/2-1/2

[Event "International Championship of Central S"]
[Site "Paracin"]
[Date "2014.07.08"]
[Round "5.30"]
[White "Radovic, Janko"]
[Black "Vojinovic, Jovana"]
[Result "0-1"]
[WhiteElo "2150"]
[BlackElo "2297"]
[PlyCount "34"]
[EventDate "2014.07.04"]

1. e4 e6 2. d4 d5 3. e5 c5 4. Qg4 Qa5+ 5. Nd2 Nc6 6. Ngf3 Nh6 7. Qf4 Nb4 8. Kd1
c4 9. a3 Bd7 10. Nb1 Nxc2 11. Kxc2 Ba4+ 12. b3 cxb3+ 13. Kb2 Rc8 14. Bd3 Qb6
15. Nc3 Rxc3 16. Kxc3 b2 17. Bxb2 Qa5# 0-1

[Event "International Championship of Central S"]
[Site "Paracin"]
[Date "2014.07.08"]
[Round "5.31"]
[White "Nielsen, Rogvi Egilstoft"]
[Black "Radovic, Stefan"]
[Result "1-0"]
[WhiteElo "2288"]
[BlackElo "2072"]
[PlyCount "39"]
[EventDate "2014.07.04"]

1. e4 c5 2. c3 g6 3. d4 cxd4 4. cxd4 d5 5. e5 Nc6 6. Nc3 Bg7 7. h3 f6 8. f4 Nh6
9. g4 fxe5 10. fxe5 Be6 11. Be3 Qd7 12. Nge2 Nf7 13. Bg2 h5 14. Nf4 hxg4 15.
Nxe6 Qxe6 16. Bxd5 Qc8 17. Qd3 e6 18. Qxg6 exd5 19. e6 Rf8 20. Rf1 1-0

[Event "International Championship of Central S"]
[Site "Paracin"]
[Date "2014.07.08"]
[Round "5.32"]
[White "Davletbayeva, Madina"]
[Black "Kuzmanovic, Slobodan"]
[Result "1/2-1/2"]
[WhiteElo "2284"]
[BlackElo "2120"]
[PlyCount "110"]
[EventDate "2014.07.04"]

1. e4 c5 2. Nf3 Nc6 3. Bb5 g6 4. O-O Bg7 5. Re1 Nf6 6. e5 Nd5 7. Nc3 Nc7 8.
Bxc6 dxc6 9. Ne4 Ne6 10. d3 O-O 11. Be3 Nd4 12. Nxc5 Nxf3+ 13. Qxf3 Bxe5 14. d4
Bg7 15. c4 e5 16. dxe5 Bxe5 17. Bf4 Bxb2 18. Rad1 Qh4 19. Bd6 Bg4 20. Qb3 Bg7
21. f3 Rfe8 22. Bg3 Qh5 23. Ne4 Be6 24. Qxb7 Bxc4 25. Nd6 Reb8 26. Qxc6 Be6 27.
Qc7 Bxa2 28. Re7 Rf8 29. Qc6 Rad8 30. Rxa7 Be6 31. Rb7 Be5 32. Qc5 Bxd6 33.
Qxh5 Bxg3 34. Rxd8 Rxd8 35. Qxh7+ Kxh7 36. hxg3 Rd2 37. Rc7 Kg7 38. Kh2 g5 39.
g4 Bb3 40. Kg3 Rc2 41. Rb7 Bc4 42. Rb1 Rd2 43. Ra1 Bd3 44. Re1 Kf6 45. Ra1 Ke6
46. Ra3 Bf1 47. Ra1 Bd3 48. Ra3 Ke5 49. Ra5+ Kf6 50. Ra3 Ke6 51. Ra1 Ke5 52.
Ra5+ Kd4 53. Rxg5 Bf1 54. Kf4 Bxg2 55. Rf5 Kd3 1/2-1/2

[Event "International Championship of Central S"]
[Site "Paracin"]
[Date "2014.07.08"]
[Round "5.33"]
[White "Mrsic, Robert"]
[Black "Todic, Zoran"]
[Result "1/2-1/2"]
[WhiteElo "2134"]
[BlackElo "2267"]
[PlyCount "92"]
[EventDate "2014.07.04"]

1. e4 e5 2. Nf3 d6 3. d4 Nd7 4. Bc4 c6 5. Ng5 Nh6 6. a4 Nb6 7. Bb3 f6 8. Ne6
Bxe6 9. Bxe6 Qe7 10. d5 cxd5 11. exd5 Nf7 12. a5 Nd7 13. b4 Nd8 14. Bg4 g6 15.
O-O f5 16. Be2 Bg7 17. c4 e4 18. Ra2 Nf7 19. c5 dxc5 20. bxc5 Nxc5 21. Bb5+ Kf8
22. Ba3 Rc8 23. Rc2 Be5 24. Nd2 Bd6 25. Nc4 Ne5 26. Nxd6 Qxd6 27. Qd4 b6 28.
Rfc1 Kf7 29. Bb2 Rhe8 30. Bxe8+ Rxe8 31. Ba3 Ned3 32. Rb1 Re5 33. f3 Rxd5 34.
Qh8 Ne5 35. Qxh7+ Kf8 36. Qh8+ Ke7 37. Bxc5 Rxc5 38. Re2 Qd4+ 39. Kf1 Rxa5 40.
fxe4 Rc5 41. exf5 Qf4+ 42. Kg1 Rc1+ 43. Rxc1 Qxc1+ 44. Kf2 Qf4+ 45. Kg1 Qd4+
46. Kf1 Qf4+ 1/2-1/2

[Event "International Championship of Central S"]
[Site "Paracin"]
[Date "2014.07.08"]
[Round "5.34"]
[White "Livaja, Mario"]
[Black "Lazov, Toni"]
[Result "1-0"]
[WhiteElo "2244"]
[BlackElo "2001"]
[PlyCount "81"]
[EventDate "2014.07.04"]

1. d4 Nf6 2. Bg5 Ne4 3. Bf4 c5 4. d5 Qb6 5. Qc1 c4 6. e3 Qa5+ 7. c3 Qxd5 8. Nf3
Nc6 9. Nbd2 Na5 10. Nxe4 Qxe4 11. Nd2 Qe6 12. Be2 d5 13. O-O h6 14. b4 Nc6 15.
e4 g5 16. Be3 Ne5 17. Bd4 b5 18. a4 Bd7 19. axb5 Bxb5 20. Nf3 Bg7 21. exd5 Qd6
22. Bc5 Qxd5 23. Nxe5 Qxe5 24. Bf3 O-O 25. Bxa8 Rxa8 26. Bd4 Qd5 27. Bxg7 Bc6
28. f3 Kxg7 29. Qe3 a5 30. Rfd1 axb4 31. cxb4 Rxa1 32. Qc3+ f6 33. Qxa1 Qb5 34.
Qa5 Qb7 35. Qc5 Bb5 36. Re1 Kf7 37. Qf5 Qa7+ 38. Kh1 Bc6 39. Qh7+ Ke8 40. Qg8+
Kd7 41. Rxe7+ 1-0

[Event "International Championship of Central S"]
[Site "Paracin"]
[Date "2014.07.08"]
[Round "5.35"]
[White "Mazet, Julien"]
[Black "Bernard, Jacques"]
[Result "1/2-1/2"]
[WhiteElo "2083"]
[BlackElo "2198"]
[PlyCount "27"]
[EventDate "2014.07.04"]

1. Nf3 g6 2. d4 d5 3. c4 e6 4. cxd5 exd5 5. Nc3 c6 6. Bg5 Ne7 7. Qc2 Bg7 8. e3
Bf5 9. Bd3 Bxd3 10. Qxd3 Nd7 11. O-O O-O 12. Rab1 a5 13. h3 Re8 14. Qc2 1/2-1/2

[Event "International Championship of Central S"]
[Site "Paracin"]
[Date "2014.07.08"]
[Round "5.36"]
[White "Pecurica, Milos"]
[Black "Stefanov, Emil"]
[Result "1/2-1/2"]
[WhiteElo "2192"]
[BlackElo "2061"]
[PlyCount "95"]
[EventDate "2014.07.04"]

1. a3 g6 2. c4 Bg7 3. Nc3 c5 4. Nf3 Nc6 5. g3 e6 6. Bg2 Nge7 7. O-O O-O 8. d3
d5 9. Bd2 dxc4 10. dxc4 e5 11. Ne1 Be6 12. b3 f5 13. Nc2 Qd7 14. Ne3 Rad8 15.
Ned5 e4 16. Bg5 Nxd5 17. Nxd5 Bxa1 18. Qxa1 Bxd5 19. Bxd8 Rxd8 20. Rd1 Nd4 21.
cxd5 Qxd5 22. Kh1 Qxb3 23. h4 Qe6 24. Bf1 Nc6 25. Rc1 b6 26. e3 Ne5 27. Qc3 h5
28. Be2 Kh7 29. Kg2 Nd3 30. Rc2 Rd7 31. a4 a6 32. Qa1 c4 33. Kg1 b5 34. axb5
axb5 35. Ra2 Qe5 36. Qd1 Nc5 37. Qf1 Nd3 38. Qd1 Qc3 39. Ra1 Ne5 40. Qb1 b4 41.
Qa2 b3 42. Qa4 b2 43. Rf1 Qd2 44. Bxc4 Nxc4 45. Qxc4 Qd1 46. Rxd1 Rxd1+ 47. Kg2
b1=Q 48. Qf7+ 1/2-1/2

[Event "International Championship of Central S"]
[Site "Paracin"]
[Date "2014.07.08"]
[Round "5.37"]
[White "Drogovoz, Irina"]
[Black "Persson, Richard"]
[Result "1/2-1/2"]
[WhiteElo "2073"]
[BlackElo "2192"]
[PlyCount "71"]
[EventDate "2014.07.04"]

1. d4 d5 2. Nf3 Bf5 3. c4 e6 4. Nc3 Nc6 5. Bf4 Bd6 6. Bxd6 Qxd6 7. e3 Nf6 8. c5
Qe7 9. Bb5 O-O 10. Bxc6 bxc6 11. Ne5 Ne4 12. Nxe4 f6 13. Nxc6 Qe8 14. Nxf6+
gxf6 15. Na5 Kh8 16. O-O Rg8 17. f3 Qh5 18. Rf2 Rg6 19. Kh1 Rag8 20. Nc6 Qh4
21. Qe1 R8g7 22. Nxa7 Rh6 23. g4 Rxg4 24. Qe2 Rg5 25. Nc6 Bh3 26. a4 Rhg6 27.
a5 Qh6 28. Ne7 Rg7 29. a6 Bg2+ 30. Rxg2 Rxg2 31. Qxg2 Rxg2 32. Kxg2 Qg5+ 33.
Kf2 Qh4+ 34. Kg1 Qg5+ 35. Kf2 Qh4+ 36. Kg1 1/2-1/2

[Event "International Championship of Central S"]
[Site "Paracin"]
[Date "2014.07.08"]
[Round "5.38"]
[White "Popchev, Milko"]
[Black "Tisma, Ivan"]
[Result "0-1"]
[WhiteElo "2331"]
[BlackElo "2095"]
[PlyCount "48"]
[EventDate "2014.07.04"]

1. Nf3 Nf6 2. g3 g6 3. Bg2 Bg7 4. O-O O-O 5. b3 d6 6. Bb2 e5 7. d4 exd4 8. Nxd4
Nbd7 9. h3 Re8 10. e3 Nc5 11. Nd2 Bd7 12. N2f3 Rb8 13. Kh2 h6 14. c4 a6 15. Qc2
Qe7 16. b4 Na4 17. Bc1 c5 18. bxc5 dxc5 19. Nb3 Bf5 20. Qe2 Red8 21. Ne1 Ne4
22. g4 Nec3 23. Qf3 Be4 24. Qg3 Ne2 0-1

[Event "International Championship of Central S"]
[Site "Paracin"]
[Date "2014.07.08"]
[Round "5.39"]
[White "Manelidou, Maria"]
[Black "Cvetanovic, Uros"]
[Result "1-0"]
[WhiteElo "2071"]
[BlackElo "2323"]
[PlyCount "119"]
[EventDate "2014.07.04"]

1. e4 c5 2. Nf3 d6 3. d4 cxd4 4. Nxd4 Nf6 5. f3 e5 6. Nb3 d5 7. Bg5 Be6 8. exd5
Qxd5 9. N1d2 Nbd7 10. Bc4 Qc6 11. Bxe6 Qxe6 12. O-O h6 13. Bxf6 gxf6 14. Qe2
Be7 15. Rad1 Rc8 16. c3 f5 17. Kh1 h5 18. Qb5 Qc6 19. Qd3 Qe6 20. Rfe1 Nc5 21.
Nxc5 Rxc5 22. Nb3 Rc6 23. Nd4 exd4 24. Rxe6 fxe6 25. Qxd4 O-O 26. Qxa7 e5 27.
Qxb7 Re6 28. Rd7 Kf7 29. Qd5 Kf6 30. h3 h4 31. Qd2 Kg6 32. a4 Re8 33. Qd5 Bf6
34. Qd1 e4 35. f4 e3 36. Qe2 Re4 37. Rd3 R8e6 38. a5 Be7 39. b4 Bd6 40. a6 Bxf4
41. b5 Ra4 42. Rd1 Bc7 43. Re1 Kg5 44. Qc2 Ree4 45. Qb3 e2 46. b6 Bg3 47. Qg8+
Kf4 48. b7 Ke3 49. Qxg3+ hxg3 50. b8=Q Kf2 51. a7 Kxe1 52. a8=Q Rxa8 53. Qxa8
Kf1 54. Qa6 Re3 55. Qc4 Ke1 56. Qd4 Re4 57. Qd3 Re8 58. Qc2 Re3 59. Qc1+ Kf2
60. Qg1# 1-0

[Event "International Championship of Central S"]
[Site "Paracin"]
[Date "2014.07.08"]
[Round "5.40"]
[White "Soilemetzidis, Konstantinos"]
[Black "Djokic, Nebojsa"]
[Result "1/2-1/2"]
[WhiteElo "1909"]
[BlackElo "2186"]
[PlyCount "112"]
[EventDate "2014.07.04"]

1. d4 Nf6 2. c4 g6 3. Nc3 Bg7 4. e4 d6 5. Nf3 O-O 6. Be2 e5 7. dxe5 dxe5 8.
Qxd8 Rxd8 9. Nd5 Nxd5 10. cxd5 c6 11. Bc4 b5 12. Bb3 a5 13. Bg5 Re8 14. a3 Bb7
15. Rc1 a4 16. Ba2 cxd5 17. Rc7 Bc6 18. exd5 Bd7 19. Be3 Bf8 20. Ng5 Bd6 21.
Rb7 e4 22. Bb1 f5 23. Ne6 Re7 24. Bg5 Bxe6 25. Bxe7 Bc8 26. Bxd6 Bxb7 27. Ba2
Na6 28. Be7 Kf7 29. d6+ Ke8 30. O-O Kd7 31. Rc1 Rc8 32. Rxc8 Bxc8 33. Bg8 Nc5
34. Bxh7 Nd3 35. Bf6 Kxd6 36. Bxg6 Ke6 37. Bc3 Nf4 38. Be8 Bd7 39. Bxd7+ Kxd7
40. g3 Nd5 41. h4 Ke6 42. Kf1 Kf7 43. Ke2 Kg6 44. f3 Kh5 45. Be5 exf3+ 46. Kxf3
b4 47. axb4 Nxb4 48. Kf4 Kg6 49. h5+ Kxh5 50. Kxf5 Nd3 51. g4+ Kh6 52. g5+ Kh7
53. Ke4 Nf2+ 54. Kd5 Nd1 55. Kc4 Kg6 56. Bf6 Nxb2+ 1/2-1/2

[Event "International Championship of Central S"]
[Site "Paracin"]
[Date "2014.07.08"]
[Round "5.41"]
[White "Djordjevic, Vuk"]
[Black "Marjanovics, Annamaria"]
[Result "1/2-1/2"]
[WhiteElo "2148"]
[BlackElo "2051"]
[PlyCount "112"]
[EventDate "2014.07.04"]

1. d4 Nf6 2. Bg5 e6 3. e4 h6 4. Bxf6 Qxf6 5. Nf3 d6 6. c3 Nd7 7. Nbd2 g6 8. Bd3
Bg7 9. Qe2 O-O 10. O-O e5 11. Nc4 Re8 12. dxe5 dxe5 13. b4 Nf8 14. Qe3 Qc6 15.
a4 Bg4 16. Nfd2 Rad8 17. f3 Be6 18. Be2 b6 19. Nb2 Qb7 20. Ndc4 Nd7 21. Rfd1
Nb8 22. Rd2 Kh7 23. Rad1 Qc8 24. Rd3 Bf6 25. Qc1 Nc6 26. Qc2 Kg7 27. Ne3 Ne7
28. Nbc4 Rxd3 29. Qxd3 Nc6 30. Qc2 Rd8 31. Nb2 Bg5 32. Kf2 Rxd1 33. Qxd1 Qd8
34. Qxd8 Nxd8 35. g3 h5 36. Nd3 f6 37. Bd1 Nf7 38. h4 Bh6 39. Bc2 Nd6 40. Nb2
Kf7 41. Bd3 Ke7 42. Ke2 Kd7 43. Nbc4 Nxc4 44. Bxc4 Bxe3 45. Bxe6+ Kxe6 46. Kxe3
a6 47. f4 b5 48. a5 c6 49. Kf3 Kf7 50. f5 gxf5 51. exf5 Kg7 52. Ke3 Kf7 53. Ke2
Ke7 54. Kd3 Kd7 55. c4 Ke7 56. c5 Kf7 1/2-1/2

[Event "International Championship of Central S"]
[Site "Paracin"]
[Date "2014.07.08"]
[Round "5.42"]
[White "Dodic, Dragan"]
[Black "Magnusson, Roger"]
[Result "1-0"]
[WhiteElo "2102"]
[BlackElo "2000"]
[PlyCount "61"]
[EventDate "2014.07.04"]

1. d4 Nf6 2. Nf3 e6 3. c4 c5 4. d5 b5 5. Bg5 h6 6. Bxf6 Qxf6 7. Nc3 b4 8. Nb5
Na6 9. b3 exd5 10. cxd5 d6 11. a4 Bg4 12. e3 Be7 13. Be2 O-O 14. O-O Rfe8 15.
Nd2 Bd7 16. Qc2 Bf8 17. e4 Red8 18. Rae1 g6 19. f4 Bxb5 20. Bxb5 Qd4+ 21. Kh1
Nc7 22. Bc6 Rab8 23. Rf3 Bg7 24. Nc4 Rb6 25. Rd1 Qf6 26. e5 dxe5 27. fxe5 Qg5
28. Rdf1 Rxc6 29. dxc6 Bxe5 30. Rxf7 Ne6 31. Nxe5 1-0

[Event "International Championship of Central S"]
[Site "Paracin"]
[Date "2014.07.08"]
[Round "5.43"]
[White "Brkic, Toma"]
[Black "Visanescu, Daria-Ioana"]
[Result "1/2-1/2"]
[WhiteElo "2111"]
[BlackElo "2090"]
[PlyCount "95"]
[EventDate "2014.07.04"]

1. e4 c5 2. Nf3 e6 3. d4 cxd4 4. Nxd4 a6 5. c4 Qc7 6. Be2 Nf6 7. Qd3 Be7 8. O-O
d6 9. Nc3 O-O 10. b3 Nbd7 11. Bb2 b6 12. Kh1 Bb7 13. f3 Rac8 14. Rac1 Qb8 15.
Qd2 Bd8 16. Bd1 Bc7 17. Qg5 h6 18. Qh4 Ne5 19. Bc2 Rfe8 20. Nce2 Ba8 21. Nf4 b5
22. cxb5 axb5 23. Nh5 Bd8 24. Nxf6+ Bxf6 25. Qf2 b4 26. Bb1 Bb7 27. f4 Nd7 28.
Rce1 Ba6 29. Rg1 Nc5 30. Qd2 Qb7 31. h3 Rcd8 32. Kh2 e5 33. Nf5 d5 34. exd5
Rxd5 35. Qf2 Nd3 36. Bxd3 Bxd3 37. Ne3 Qa7 38. Qd2 Rdd8 39. Qxb4 Qxa2 40. Bxe5
Bxe5 41. fxe5 Rxe5 42. Qc3 Ree8 43. Ng4 Be4 44. Re3 h5 45. Ne5 Qc2 46. Nf3 Qxc3
47. Rxc3 Rb8 48. Re1 1/2-1/2

[Event "International Championship of Central S"]
[Site "Paracin"]
[Date "2014.07.08"]
[Round "5.44"]
[White "Zlatanovic, Zoran"]
[Black "Stojkovska, Monika"]
[Result "1-0"]
[WhiteElo "2188"]
[BlackElo "2040"]
[PlyCount "83"]
[EventDate "2014.07.04"]

1. e4 c5 2. Nf3 d6 3. d3 Nc6 4. g3 g6 5. Bg2 Bg7 6. O-O e5 7. c3 Nge7 8. a3 O-O
9. b4 b6 10. b5 Na5 11. c4 Rb8 12. Bd2 Nb7 13. a4 Qc7 14. a5 Nd8 15. axb6 axb6
16. Nc3 Ne6 17. Ra3 Bb7 18. Nd5 Nxd5 19. exd5 Nd4 20. Nxd4 exd4 21. Qb3 Rfe8
22. Bf3 Qd7 23. Ra7 Qf5 24. Be4 Qh5 25. Qd1 Qxd1 26. Rxd1 f5 27. Bf3 Kf7 28. h4
Bf6 29. Rda1 Kg8 30. Bh6 Ra8 31. Kg2 Rxa7 32. Rxa7 Re7 33. Bf4 Be5 34. Bg5 Rd7
35. Bd8 Kf8 36. Bxb6 Ke8 37. Ba5 Bf6 38. Kf1 Bd8 39. b6 Bf6 40. Bd1 Rg7 41.
Ba4+ Kd8 42. Ra8+ 1-0

[Event "International Championship of Central S"]
[Site "Paracin"]
[Date "2014.07.08"]
[Round "5.45"]
[White "Drogovoz, Maria"]
[Black "Jandric, Damjan"]
[Result "1-0"]
[WhiteElo "1952"]
[BlackElo "2060"]
[PlyCount "101"]
[EventDate "2014.07.04"]

1. e4 c5 2. Nf3 d6 3. d4 cxd4 4. Nxd4 Nf6 5. Nc3 a6 6. g3 e5 7. Nde2 Nbd7 8.
Bg2 b5 9. h3 Bb7 10. g4 b4 11. Nd5 Nxd5 12. exd5 Be7 13. O-O Bg5 14. Ng3 Bxc1
15. Qxc1 O-O 16. a3 a5 17. axb4 Ba6 18. Re1 axb4 19. Nf5 Nc5 20. b3 g6 21. Ng3
f5 22. gxf5 gxf5 23. f4 Qh4 24. Ne2 Bxe2 25. Rxa8 Rxa8 26. Rxe2 e4 27. Bf1 Kg7
28. Kh2 Qf6 29. Qd2 Qh4 30. Qc1 Rg8 31. Qe3 Qf6 32. Bg2 Ra8 33. Qd2 Qh4 34. Re1
Ra2 35. Rb1 Nd3 36. Rf1 h6 37. Bh1 Nc5 38. Rb1 Nd3 39. Rf1 Rb2 40. Bg2 h5 41.
Bh1 Nc5 42. Qc1 Ra2 43. Qb1 Ra8 44. Qc1 Rg8 45. Qe3 Qf6 46. Qd2 Kh7 47. Qe3 Qg7
48. Qd2 h4 49. Qf2 Qg3+ 50. Qxg3 Rxg3 51. Bg2 1-0